Loading...
| Literature - American | 0 | 6 | 0 | 2 | 60 | 26 | 78.50 | 3 | 4 | 30.79 | 50.00 |
| History - European | 0 | 6 | 0 | 1 | 60 | 29 | 54.50 | 1 | 4 | 44.15 | 46.43 |
| History - American | 0 | 6 | 1 | 1 | 55 | 31 | 57.83 | 1 | 2 | 39.65 | 47.62 |
| Literature - European | 0 | 4 | 0 | 0 | 40 | 42 | 89.50 | 1 | 3 | 12.69 | 35.71 |
| Science - Chemistry | 0 | 4 | 1 | 1 | 35 | 81 | 107.25 | 0 | 0 | 1.95 | 16.67 |
| Fine Arts - Classical Music | 0 | 4 | 1 | 0 | 35 | 57 | 80.00 | 1 | 4 | 17.92 | 44.05 |
| Fine Arts - Other | 0 | 4 | 1 | 0 | 35 | 49 | 80.25 | 0 | 2 | 19.26 | 29.76 |
| Fine Arts - Painting and Sculpture | 0 | 3 | 0 | 0 | 30 | 53 | 72.33 | 1 | 3 | 16.86 | 34.52 |
| Mythology | 0 | 3 | 1 | 1 | 25 | 72 | 95.00 | 0 | 2 | 6.39 | 14.29 |
| History - World | 0 | 3 | 1 | 0 | 25 | 52 | 58.33 | 0 | 1 | 19.26 | 17.86 |
| Science - Biology | 0 | 3 | 1 | 1 | 25 | 60 | 91.33 | 1 | 1 | 6.20 | 27.38 |
| History - Other | 0 | 3 | 2 | 0 | 20 | 69 | 87.00 | 0 | 1 | 9.35 | 19.05 |
| Religion | 0 | 3 | 2 | 0 | 20 | 39 | 61.33 | 1 | 3 | 19.75 | 40.48 |
| Literature - British | 0 | 2 | 0 | 0 | 20 | 51 | 73.00 | 1 | 1 | 9.90 | 17.86 |
| Social Science | 0 | 2 | 1 | 0 | 15 | 54 | 57.00 | 0 | 2 | 23.26 | 35.42 |
| Philosophy | 0 | 2 | 1 | 0 | 15 | 71 | 86.50 | 0 | 1 | 6.73 | 21.67 |
| Popular Culture | 0 | 2 | 1 | 1 | 15 | 92 | 104.00 | 0 | 0 | 4.00 | 8.33 |
| Literature - World | 0 | 2 | 2 | 0 | 10 | 38 | 74.00 | 1 | 1 | 10.59 | 21.43 |
| Science - Other | 0 | 1 | 0 | 1 | 10 | 108 | 108.00 | 1 | 1 | 0.00 | 14.29 |
| Science - Physics | 0 | 2 | 2 | 0 | 10 | 64 | 79.00 | 1 | 1 | 6.75 | 21.43 |
| Geography | 0 | 1 | 1 | 1 | 5 | 119 | 119.00 | 0 | 0 | 0.00 | 1.67 |
| Current Events | 0 | 1 | 1 | 1 | 5 | 109 | 109.00 | 0 | 0 | 0.00 | 4.17 |